| 000 | 00685nam a2200241 4500 | ||
|---|---|---|---|
| 001 | 116456 | ||
| 003 | ES-MaBCM | ||
| 005 | 20241016141020.0 | ||
| 008 | 051124s1971 gbr eng d | ||
| 020 | _a0-236-17644-7 | ||
| 021 | _axx | ||
| 035 | _a(OCoLC)929379494 | ||
| 040 | _cES-MaBCM | ||
| 041 | 0 | _aeng | |
| 100 | 1 |
_aTaylor, Paul _945864 |
|
| 245 | 1 | 0 |
_aInternational co-operation today _b: the European and the universal pattern _cPaul Taylor |
| 260 |
_aLondon : _bElek, _c1971 |
||
| 300 |
_a3 h., VII, 165 p. _c22 cm |
||
| 440 | 0 |
_aInternational relations Series _9107317 _v3 |
|
| 650 | 2 | 7 |
_aCooperación internacional _958138 |
| 651 | 2 | 4 |
_aEuropa _9115402 |
| 942 | _cBK | ||
| 999 |
_c116456 _d116456 |
||